<?xml version="1.0" encoding="UTF-8"?>
<record
    xmlns:xsi="http://www.w3.org/2001/XMLSchema-instance"
    xsi:schemaLocation="http://www.loc.gov/MARC21/slim http://www.loc.gov/standards/marcxml/schema/MARC21slim.xsd"
    xmlns="http://www.loc.gov/MARC21/slim">

  <leader>00418    a2200109   4500</leader>
  <controlfield tag="001">ART_44619</controlfield>
  <controlfield tag="005">20260410162018.0</controlfield>
  <controlfield tag="008">260409a                                 </controlfield>
  <datafield tag="245" ind1="1" ind2="0">
    <subfield code="a">Conclusiones y recomendaciones de las XXVI Jornadas Nacionales de Derecho Civil en materia sucesoria</subfield>
  </datafield>
  <datafield tag="100" ind1="1" ind2=" ">
    <subfield code="a">Merlo, Leandro M.</subfield>
  </datafield>
  <datafield tag="773" ind1="0" ind2=" ">
    <subfield code="t">Temas de derecho de familia, sucesiones y bio&#xE9;tica</subfield>
    <subfield code="g">- A&#xF1;o 2, N&#xBA; 11 (nov. 2017)</subfield>
    <subfield code="w">REV41029</subfield>
  </datafield>
  <datafield tag="999" ind1=" " ind2=" ">
    <subfield code="c">32807</subfield>
    <subfield code="d">32807</subfield>
  </datafield>
</record>
